00438nam a2200121Ia 4500008004100000245012400041260003900165260000900204300000900213650002600222650001200248856005600260170516s9999 xx 000 0 und d a The prevalence of abnormal findings in screening CT brains performed on patients admitted with psychiatric symptoms bSouth African Journal of Radiology c2016 a20:1 xRadiologic Technology xRadtech uhttp://www.sajr.org.za/index.php/sajr/issue/view/54